[Event "Donner Memorial"]
[Site "Amsterdam"]
[Date "1996.08.27"]
[Round "9"]
[White "Morozevich, Alexander"]
[Black "Salov, Valery"]
[Result "1/2-1/2"]
[WhiteElo "2610"]
[BlackElo "2675"]
[Annotator "Hecht,H"]
[PlyCount "105"]
[EventDate "1996.08.17"]
[EventType "tourn"]
[EventRounds "11"]
[EventCountry "NED"]
[EventCategory "16"]
[SourceTitle "CBM 055"]
[Source "ChessBase"]
[SourceDate "1996.12.01"]
[SourceVersion "1"]
[SourceVersionDate "1996.12.01"]
[SourceQuality "1"]

1. e4 c5 2. Nf3 e6 3. d3 Nc6 4. g3 d5 5. Qe2 Nge7 6. h4 dxe4 7. dxe4 Nd4 8.
Nxd4 cxd4 9. Bg2 e5 10. O-O Nc6 11. Nd2 Be7 12. a3 O-O 13. Nf3 Bg4 14. Bd2 Rc8
15. Qd3 Qb6 16. b4 f6 17. Rfc1 Rfd8 18. Qb3+ Kf8 19. Bf1 Na5 20. bxa5 Qxb3 21.
cxb3 Bxf3 22. Bg2 Bxg2 23. Kxg2 h5 24. Kf3 Kf7 25. b4 Ke6 26. Ke2 g5 27. Rxc8
Rxc8 {[#] Beiderseitige Bildung bzw. Aktivierung eines Freibauern, Taktik,
Tempo, Dauerschach} 28. Rh1 Rh8 29. f3 a6 30. Kd3 Bd8 31. a4 Be7 32. b5 Bd8 33.
Rb1 gxh4 34. gxh4 Rg8 35. bxa6 bxa6 36. Rb8 Kd7 37. Ra8 Rg3 38. Ra7+ Bc7 39.
Rxa6 Rxf3+ 40. Kc4 Rf2 41. Bb4 Rc2+ 42. Kb5 d3 43. Rxf6 d2 44. Rf1 Bd6 (44...
Rc1 45. Rf7+ Ke6 (45... Ke8 46. Rf8+ Kd7 47. Bxd2 $16) 46. Re7+ Kf6 47. Bxd2
Rb1+ 48. Kc6 Kxe7 49. Kxc7 {[#]} Rb2 (49... Ra1 50. a6 Rxa4 51. Kb6 Rd4 (51...
Kd7 52. a7 Kc8 53. Ba5 Rxa5 54. Kxa5 Kb7 55. Kb5 $18) 52. a7 Rd6+ 53. Kb5 Rd8
54. Bg5+ $18) 50. Be3 Rc2+ 51. Kb7 Kd7 52. Bb6 $18) 45. a6 Bxb4 46. a7 Rc1 47.
a8=Q (47. Rf7+ Ke6 48. a8=Q Kxf7 49. Qd5+ $10 {Dauerschach muß nachgeprüft
werden!}) 47... Rxf1 48. Qd5+ Ke7 49. Qxe5+ Kf8 50. Qh8+ Ke7 51. Qe5+ Kf8 52.
Qh8+ Ke7 53. Qe5+ 1/2-1/2

[Event "Radulescu Memorial"]
[Site "Calimanesti"]
[Date "1999.??.??"]
[Round "1"]
[White "Ardeleanu, Alin"]
[Black "Benkovic, Petar"]
[Result "1/2-1/2"]
[WhiteElo "2420"]
[BlackElo "2364"]
[Annotator "Hecht,H"]
[PlyCount "84"]
[EventDate "1999.02.??"]
[EventType "tourn"]
[EventRounds "13"]
[EventCountry "ROU"]
[EventCategory "8"]
[SourceTitle "CBM 070"]
[Source "ChessBase"]
[SourceDate "1999.06.08"]
[SourceVersion "1"]
[SourceVersionDate "1999.06.08"]
[SourceQuality "1"]

1. e4 e6 2. b3 d5 3. Bb2 Nf6 4. exd5 exd5 5. Qe2+ Be6 6. Nf3 Nc6 7. Ng5 Qd7 8.
g3 Be7 9. Nxe6 Qxe6 10. Qxe6 fxe6 11. f4 Bd6 12. Bg2 e5 13. Nc3 exf4 14. Nb5
fxg3 15. Nxd6+ cxd6 16. hxg3 Ne5 17. O-O-O Kd7 18. Rh4 Rhf8 19. Re1 Rae8 20.
Kd1 Kc7 21. Bd4 b6 22. a4 h5 23. Rf4 g5 24. Rf5 Ne4 25. Ref1 Rxf5 26. Rxf5 Ng4
27. Rf7+ Kb8 28. a5 Ne5 29. Bxe5 Rxe5 30. a6 Nxg3 31. Rb7+ Kc8 32. Rxa7 Kb8 33.
Rb7+ Ka8 34. c4 Ne4 35. d3 Nc3+ 36. Kd2 Re2+ 37. Kxc3 Rxg2 {[#] Freibauern} 38.
Kb4 {Konsequent war:} (38. Rxb6 {und nun einige beispielhafte Abspiele:} h4 (
38... dxc4 $142 $1) 39. Rxd6 h3 40. Rh6 h2 41. b4 (41. cxd5 $142 $1 Ka7 42. d6
$1 $18) 41... dxc4 42. dxc4 (42. b5 Ka7 43. Rh7+ Kb6 44. a7 Ra2 45. dxc4 $16) (
42. dxc4) (42. Kxc4 Rg4+ 43. Kc5 Rh4 $19) 42... g4 {[%cal Rg2g3,Rg3h3]} 43. Kd4
g3 44. Kc5 Rg1 45. Rh8+ Ka7 46. Rh7+ Kb8 (46... Kxa6 $4 47. b5+ Ka5 48. Ra7#)
47. Rh8+ Kc7 48. b5 (48. Rh7+ Kd8 49. a7 Ra1 50. Kb6 g2 $19) 48... h1=Q 49. b6+
Kd7 50. Rxh1 Rxh1 51. a7 Ra1 52. b7 g2 $19) 38... Rb2 39. Rh7 dxc4 40. Rxh5 g4
41. dxc4 g3 42. Rg5 g2 1/2-1/2

[Event "Bundesliga 0102"]
[Site "Germany"]
[Date "2001.11.24"]
[Round "3.8"]
[White "Mortensen, Erling"]
[Black "Berger, Steve"]
[Result "1-0"]
[WhiteElo "2423"]
[BlackElo "2311"]
[Annotator "Hecht,H"]
[PlyCount "131"]
[EventDate "2001.10.06"]
[EventType "team-tourn"]
[EventRounds "15"]
[EventCountry "GER"]
[SourceTitle "CBM 087"]
[Source "ChessBase"]
[SourceDate "2002.03.21"]
[SourceVersion "1"]
[SourceVersionDate "2002.03.21"]
[SourceQuality "1"]
[WhiteTeam "Luebeck"]
[BlackTeam "Hamburg Koenigsspringer"]
[WhiteTeamCountry "GER"]
[BlackTeamCountry "GER"]

1. e4 c5 2. Nf3 e6 3. d3 d5 4. Qe2 Nf6 5. g3 b6 6. e5 Nfd7 7. Bg2 Bb7 8. O-O
Qc7 9. c4 d4 10. Na3 a6 11. Re1 Nc6 12. Bd2 h6 13. h4 g6 14. Nc2 Bg7 15. Bf4
O-O-O 16. g4 g5 17. hxg5 hxg5 18. Bg3 Rdg8 19. Rab1 Bf8 20. a3 Ne7 21. b4 Ng6
22. bxc5 Bxc5 23. Nfxd4 Bxg2 24. Kxg2 Nf4+ 25. Bxf4 gxf4 26. f3 Rh4 27. Rh1
Rxh1 28. Rxh1 Qxe5 29. Qe4 Qxe4 30. dxe4 Ne5 31. Nb3 Rd8 32. Rh5 f6 33. Rh6 Rd3
34. Nxc5 bxc5 {[#] Schlechte weiße Figurenkoordination mangels Raum,
Freibauernduell mit überraschendem Ausgang.} 35. Ne1 Rd2+ (35... Rxa3 $1 36.
Rxf6 Kd7 {Königseinsatz!} 37. g5 Ke7 38. Rxf4 Re3 39. Kf2 Rxe1 $19 {[%csl Rf2,
Rf4][%cal Re5d3]}) 36. Kf1 Nxc4 37. Rxf6 Ne3+ 38. Kg1 c4 39. g5 (39. Rxf4 c3
$17) 39... Re2 40. Rxf4 c3 41. Nd3 c2 42. g6 Rd2 43. Rf8+ (43. g7 Rg2+ 44. Kh1
Rxg7 45. Rf8+ Kc7 46. Nc1 Rd7 47. Rg8 Rd1+ 48. Rg1 Nf1 $19) 43... Kc7 44. Rf7+
Kb6 45. Nc1 Rd1+ 46. Kh2 Rxc1 47. g7 Rh1+ 48. Kxh1 c1=Q+ 49. Kh2 {[#] Ein
neuer Endspieltyp ist entstanden, der nicht den logischen Gewinner findet.}
Qd2+ 50. Kg3 e5 ({viel einfacher ist} 50... Qg2+ 51. Kf4 (51. Kh4 Qg6 $19)
51... Nc4 $19 {was den weißen König passiv stellt}) 51. Kh4 $1 Qg2 $6 ({
Der Springer war jetzt mit einzubeziehen} 51... Ng2+ $1 52. Kh5 (52. Kg4 Nf4
53. Kf5 Qg2 54. Kxe5 Qg5+ $19) 52... Qd8 $19) 52. Kh5 Ka5 $6 {Gibt es
überhaupt noch einen Gewinn?} (52... Nc4 53. Kh6 Nd6 54. Rf8 {sieht schon
nicht mehr gewinnbringend aus, weil der Springer via d6 keine Wirkung
entfaltet.}) 53. Kh6 Qh3+ 54. Kg6 Qe6+ (54... Qg3+ 55. Kh7 Qh4+ 56. Kg6 Qg3+
57. Kh7 {bringt Schwarz schon nicht mehr weiter}) 55. Rf6 Qe8+ 56. Kh6 $11 {
Das Spiel hat sich reduziert auf das Duell Dame gegen Turm+Bauer mit starkem
weißen König.} Ng2 57. Rg6 $1 (57. Rf8 $2 Qe6+ 58. Kg5 Qe7+ 59. Kh6 Qh4+ 60.
Kg6 Nf4+ 61. Rxf4 (61. Kf7 Qh7 $19)) 57... Qg8 58. Rxg2 Ka4 59. Rg5 Kxa3 60.
Rxe5 (60. Rf5 $11) 60... Kb4 61. f4 a5 (61... Qf7 62. Rg5 (62. Rf5 Qg8 63. Rf8
$11) 62... Qe6+ 63. Rg6 Qh3+ 64. Kg5 Qg3+ 65. Kf5 Qh3+ 66. Kf6 Qc3+ 67. e5 $18)
62. f5 a4 63. f6 a3 64. Kg6 Qc8 $2 (64... a2 65. f7 Qxf7+ 66. Kxf7 a1=Q {
sieht nach remis aus}) 65. f7 $1 Qg4+ 66. Kh7 1-0

[Event "EU-ch 2nd"]
[Site "Ohrid"]
[Date "2001.06.03"]
[Round "3"]
[White "Delchev, Aleksander"]
[Black "Galego, Luis"]
[Result "1-0"]
[WhiteElo "2584"]
[BlackElo "2429"]
[Annotator "Hecht,H"]
[PlyCount "103"]
[EventDate "2001.06.01"]
[EventType "swiss"]
[EventRounds "13"]
[EventCountry "YUG"]
[SourceTitle "CBM 084"]
[Source "ChessBase"]
[SourceDate "2001.09.13"]
[SourceVersion "1"]
[SourceVersionDate "2001.09.13"]
[SourceQuality "1"]

1. e4 c5 2. Nf3 e6 3. d3 d5 4. Qe2 Nf6 5. g3 Nc6 6. Bg2 Be7 7. O-O h6 8. c3 b6
9. exd5 exd5 10. d4 cxd4 11. cxd4 O-O 12. Rd1 Bd6 13. Nc3 Re8 14. Be3 a6 15.
Ne5 Ne7 16. Qf3 Bxe5 17. dxe5 Bg4 18. exf6 Bxf3 19. fxe7 Qxe7 20. Bxf3 Qf6 21.
Bg2 Rad8 22. Rd4 b5 23. Rad1 Rc8 24. Bxd5 Qg6 25. R1d2 Rc7 26. h3 h5 27. Be4
Qe6 28. Bf3 h4 29. Rxh4 Qc8 30. Rd5 f6 31. Rdh5 Kf7 32. Bd5+ Ke7 33. Re4+ Kd7
34. Rd4 Ke7 35. Rh7 Rg8 36. Re4+ Kf8 37. Reh4 Qf5 38. Rh8 Rxh8 39. Rxh8+ Ke7 {
[#] Weiß besitzt drei Figuren für die Dame mit Angriff, sicherem König und der
Gewissheit weiteres Material zu erobern.} 40. Be4 Qe6 41. Nd5+ Kd7 42. Nb6+ (
42. Nxc7 Qxe4 43. Nxa6 Qb1+ 44. Kg2 Qxb2 45. Nc5+ Ke7 46. Rb8 Qxa2 47. Rxb5 $18
{und der Gewinn ist eine rein technische Aufgabe.}) 42... Ke7 43. Bd5 Qf5 44.
b4 Qd3 (44... Qb1+ 45. Kg2 Qxb4 46. Bf3 Qb1 47. Nd5+ Kd7 48. Nxc7 Kxc7 49. a3
Qb2 50. Rh7 Qxa3 51. Rxg7+ Kd6 52. h4 b4 53. h5 b3 54. h6 b2 55. h7 $18) 45.
Rg8 g5 46. Bc5+ Rxc5 47. bxc5 Qd4 48. c6 {Weiß gewinnt nach Belieben, z.B.
auch so:} (48. Nc8+ Kd7 49. c6+ Kc7 50. Rg7+ Kb8 51. Rb7+ Kxc8 52. Be6+ Kd8 53.
c7+ $18) 48... Kd6 49. Rd8+ Kc7 50. Na8+ $1 {Auch das ist sehr hübsch.} Kxd8
51. c7+ Ke7 52. Bb7 $1 1-0

[Event "Griesheim Testa GM"]
[Site "Griesheim"]
[Date "2004.01.26"]
[Round "7"]
[White "Murdzia, Piotr"]
[Black "Bunzmann, Dimitrij"]
[Result "0-1"]
[WhiteElo "2445"]
[BlackElo "2542"]
[Annotator "Hecht,H"]
[PlyCount "204"]
[EventDate "2004.01.20"]
[EventType "tourn"]
[EventRounds "9"]
[EventCountry "GER"]
[EventCategory "10"]
[SourceTitle "CBM 099"]
[Source "ChessBase"]
[SourceDate "2004.03.30"]
[SourceVersion "1"]
[SourceVersionDate "2004.03.30"]
[SourceQuality "1"]

1. e4 e6 2. d3 d5 3. Qe2 dxe4 4. dxe4 b6 5. c3 Ba6 6. Qc2 Bxf1 7. Kxf1 Bd6 8.
Nf3 Nd7 9. Be3 Ngf6 10. h3 Qc8 11. Nbd2 Qa6+ 12. c4 O-O 13. Ke2 e5 14. Rhe1
Rfe8 15. Kf1 Qb7 16. Ng1 Bc5 17. Rad1 Qc6 18. Bxc5 Nxc5 19. b4 Ne6 20. Ngf3 Qd6
21. Qb2 Nf4 22. Nb1 Qc6 23. Qc2 h6 24. a3 a5 25. Kg1 axb4 26. axb4 Ra4 27. Qb3
Ra1 28. Qc3 Ra2 29. Nxe5 Qe6 30. Qb3 Re2 31. Nf3 Qxe4 32. Rxe2 Nxe2+ 33. Kf1
Nf4 34. Re1 Qg6 35. Rxe8+ Nxe8 36. Ne1 Qe6 37. Qc2 Nd6 38. Na3 Nxh3 39. c5 bxc5
40. bxc5 Ne8 41. Nc4 Nf4 42. Ne3 Nf6 43. g3 N4d5 44. N1g2 Qa6+ 45. Kg1 Qa1+ 46.
Kh2 Qd4 47. c6 Ne7 48. Nf4 Qd6 49. Qc4 Qxc6 50. Qxc6 Nxc6 51. Nfd5 Ne8 52. f4
Kf8 53. g4 Ne7 54. Nc3 c6 55. Kg3 g6 56. Ne4 Kg7 57. Nc4 Nf6 58. Ned6 Nd7 59.
Ne4 Nd5 60. Kf3 N5b6 61. Ncd6 Kf8 62. Nb7 Ke7 63. Na5 Nb8 64. Nc5 Kd6 65. Ncb7+
Kc7 66. Nc5 N8d7 67. Na6+ Kd6 68. Nb7+ Ke7 69. Nb4 Nb8 70. Nc5 Nd5 71. Nbd3 f6
72. g5 h5 73. gxf6+ Kxf6 74. Ne4+ Kf5 75. Ng3+ Ke6 76. f5+ gxf5 77. Nc5+ Kd6
78. Nd3 Ne7 79. Nxh5 {[#] Technique. Black's task consists of preventing the
knights being sacrificed for one of his pawns each. He manages this
convincingly.  [#] Technik. Die schwarze Aufgabe besteht darin, das Opfer der
weißen Springer gegen je einen seiner Bauern zu verhindern. Das gelingt
überzeugend.} Nd7 80. Ke2 Ne5 81. Nb4 c5 82. Na6 c4 83. Nb4 Nd5 84. Nc2 Kc5 85.
Ng7 f4 86. Ne6+ Kd6 87. Ned4 (87. Nxf4 Nxf4+ {with check! Otherwise Na3 and
then Nb5 would achieve the draw. mit Schach! Ansonsten würde Sa3 mit
anschließendem Sb5 das Remis perfekt machen.}) 87... Nc3+ 88. Kd2 Ne4+ 89. Ke1
Kd5 90. Ne2 Nd3+ 91. Kd1 f3 92. Ne3+ Kc5 93. Ng1 f2 94. Nh3 Kd4 95. Nf5+ ({
A small but typical example of how when one knight is sacrificed too early,
the other can be shut out of the game. Ein kleines aber typisches Beispiel wie
nach frühzeitigem Opfer eines Springers der andere ausgespielt wird.} 95. Nxf2
Nexf2+ 96. Ke2 c3 97. Nc2+ Ke4 98. Na3 Ng4 99. Nc2 Nf4+ 100. Kd1 Nf2+ 101. Ke1
N2d3+ 102. Kd1 Nb2+ 103. Kc1 Ne2+ 104. Kb1 Kd3 105. Ne1+ Kd2 106. Nc2 Nc4 107.
Nb4 Nd4 108. Ka2 Ne3 109. Kb1 Nd5 110. Na2 c2+ 111. Kb2 Nb4 $19) 95... Kc3 96.
Ne3 Kb3 97. Nxf2 (97. Ke2 c3) 97... Ndxf2+ 98. Ke2 c3 99. Nf5 Kb2 100. Ne3 Kb1
101. Nc4 Ng4 102. Kd3 Ne5+ 0-1

[Event "Biel MTO op 50th"]
[Site "Biel"]
[Date "2017.07.27"]
[Round "4"]
[White "Hera, Imre Jr"]
[Black "Ganguly, Surya Shekhar"]
[Result "1-0"]
[WhiteElo "2611"]
[BlackElo "2658"]
[Annotator "Hera,I"]
[PlyCount "61"]
[EventDate "2017.07.24"]
[EventType "swiss"]
[EventRounds "9"]
[EventCountry "SUI"]
[SourceTitle "CBM 179 Extra"]
[Source "ChessBase"]
[SourceDate "2017.08.23"]
[SourceVersion "1"]
[SourceVersionDate "2017.08.23"]
[SourceQuality "1"]

{[%evp 0,61,37,31,26,-10,14,-5,18,-2,25,25,18,-13,5,1,3,5,5,-34,22,-5,13,-19,
18,-21,-13,-32,-32,-47,-30,-35,-38,-58,-39,-56,-2,-2,-4,-4,79,-3,28,27,14,19,
55,69,79,79,65,-28,-12,10,28,-64,-64,136,315,419,587,1049,29991,28696]} 1. Nf3
d5 2. g3 c5 3. Bg2 Nf6 4. O-O e6 {A new move order in my opponent's practice.}
5. d3 {The second battle with the strong Indian grandmaster, as we already
faced each other in 2014 which ended up a disappointing draw in a Catalan.
This time I decided to go for the more complex King's Indian Attack. It has to
be noted that Morozevich and Hou Yifan had played a similar game at the GM
invitational section of the Biel Chess Festival, which made a big impact on me.
} Nc6 6. Nbd2 Be7 7. e4 b6 8. Re1 Bb7 9. Qe2 Nb4 {This came pretty quickly,
although the move is not so popular.} 10. Qd1 {Practically forced.} (10. e5 $2
{is bad due to} Nxc2 11. exf6 Bxf6 12. Rb1 Nxe1 13. Qxe1 O-O {and Black gets
too much for the two light pieces.}) 10... Nc6 (10... dxe4 {may look a bit
dangerous at first sight, however, White has few acceptable alternatives.} 11.
dxe4 $1 ({In case of} 11. Ne5 Qc7 12. Nxe4 Nxe4 13. Bxe4 Bxe4 14. Rxe4 O-O {
Black would easily equalize.}) 11... Nxe4 (11... O-O 12. a3 Nc6 13. e5 {
Now it is extremely helpful, that the knight was forced back by the a-pawn,
because after ...Nd5, White is able to push c4.}) 12. Ne5 Nd6 13. Bxb7 Nxb7 14.
a3 $1 Nd5 15. c4 Nf6 16. Qa4+ Kf8 17. Ndf3 {with great compensation for the
pawn thanks to White's activity and the unfortunate situation of the enemy
king.}) 11. c3 {I tried to avoid repeating moves. The drawback of c3 is that
Black has a faster approach to White's camp.} Qc7 12. Qe2 O-O 13. e5 Nd7 14. h4
b5 {Now we can see that Black lost a tempo with this, comparing to the
mainline where he usually plays ...b7-b5 at once. Besides, ...Bb7-a6 will cost
him another move, however, White is more vulnerable on the queenside.} (14...
a5 15. Nf1 (15. a4 $5) 15... a4 16. Bf4 {The aforementioned game carried on
this way.} Rfc8 17. Ne3 ({I would prefer} 17. h5 {trying to clarify the
situation on the kingside.}) 17... Qd8 18. h5 b5 19. Nxd5 $5 (19. h6 $2 {
One of those rare moments, when this advance cannot work.} g5 $1 20. Nxg5 Bxg5
21. Qg4 Ncxe5 22. Qxg5+ Qxg5 23. Bxg5 Nxd3 $17) (19. Ng4 {Completing the known
manoeuvre is certainly less committing.}) 19... exd5 20. e6 Nf8 $13 {
Morozevich - Hou Yifan, Biel 2017.}) 15. Nf1 b4 ({Opening the long diagonal
with} 15... d4 {has drawbacks too; the pawn may become vulnerable soon.} 16.
N1h2 Nb6 17. cxd4 Nxd4 18. Nxd4 cxd4 19. Qg4 Kh8 20. Nf3 $14) 16. h5 bxc3 17.
bxc3 Ba6 $5 {[#] Underestimating my chances on the kingside.} (17... h6 {
would have been a more precise continuation, as was admitted by Ganguly after
the game. This is a straightforward way of stopping White's advance, however,
the h6 pawn is a potential target for a piece sacrifice after Nh2-g4.}) 18. h6
$1 {Speaking about the Morozevich-game, we discussed it with my friend that
the pawn should have been pushed to h6 first, offering a promising attack for
White. It is one of the main ideas of King's Indian Attack.} g6 19. Bf4 Qa5 20.
Rac1 c4 $6 {A questionable move. Black's goal was probably to fix my pawn on
c3, thus not allowing me to undermine his centre with c4. However, it also
gives me the opportunity to create an aesthetic pawn chain.} (20... Rab8 {
was more to the point} 21. Ne3 {Here the engine suggests} d4 $1 {with the idea
to eliminate some pieces to decrease the tension.} 22. cxd4 (22. Nd5 dxc3 23.
Nxc3 Nd4 24. Nxd4 cxd4 25. Ne4 Rfc8 $13) 22... Nxd4 23. Nxd4 cxd4 {and now on}
24. Nd5 {Black may cause complications with} Ba3 25. Bd2 $1 Qd8 26. Rc7 $3 {
An unexpected reply, keeping hopes for an advantage alive.} exd5 27. Rxa7 Nc5
28. e6 fxe6 29. Rxa6 {The point of the whole idea!} Nxa6 30. Qxe6+ Kh8 31. Qxa6
Bd6 32. f4 $44 {White has reasonable compensation for the exchange, but it is
hardly enough for more than a draw.}) 21. d4 Ba3 22. Rc2 Rfe8 $2 {It is just
seemingly prophylactical to prepare against the Ne3xd5 sacrifice by
overprotecting the e6-square. On the other hand, it supports rather White's
attack by leaving the f7 pawn under less control.} (22... Bb5 {would have been
more consequent.} 23. Bc1 Be7 (23... Ba4 $6 {leads nowhere in view of} 24. Bxa3
Bxc2 25. Bxf8 Bd3 26. Bb4 Bxe2 27. Bxa5 Bxf3 28. Bxf3 Nxa5 29. Rb1 Rb8 30.
Rxb8+ Nxb8 31. Bd1 {After the huge simplifications White has definitely the
upper hand in the endgame.}) 24. Bg5 Ba3 25. Qe3 {In my opinion White's task
is easier, because Black does not have big counterplay on the queenside.}) 23.
Ng5 Bf8 24. Ne3 $1 {At this stage I had two moves to choose from: Ne3 or Qf3.
The second option would leave the e1 rook unprotected, with a warning
potential sacrifice from Black's side on d4. Therefore I decided to improve my
knight first.} Rab8 {A natural continuation, but it runs into the motif I had
just set up on a d5 sacrifice. Anyway, it is already not easy to propose
something useful for Black.} (24... Bxh6 {did not function due to} 25. Nxe6)
25. Nxd5 $1 exd5 26. e6 f5 $2 {[#] This is rather oil into the fire.} ({On} 
26... fxe6 {I had planned} 27. Bxb8 Ndxb8 28. Qf3 Nd8 29. Rce2 $1 Bc8 30. Bh3
Bxh6 {Now only the following precise moves lead to an advantage:} 31. Bxe6+ $1
Bxe6 32. Rxe6 $1 Rxe6 33. Rxe6 $1 Qb5 34. a4 $1 Qd7 35. Re5 $36) (26... f6 {
was the reply I considered the most.} 27. Bxb8 Ndxb8 28. Qf3 $1 Be7 {Now it
seems like Black is able to consolidate his position.} 29. Rb1 $1 $16 {A very
strong move, finding a new file for the rook and avoiding the ...Nxd4
sacrifice. White rules both sides, his rooks are extremely powerful and the
d5-pawn remains under huge pressure.}) 27. exd7 $3 {The culmination point of
the game. Instead of regaining the material back fast, one should always
consider all approaches - even if they look strange at first sight. By
sacrificing the queen, the d7 pawn supported by the powerful rooks provides
more than enough compensation, and the black king is another motif.} (27. Bxb8
Ndxb8 {White has a stable advantage in many ways. For example:} 28. g4 fxg4 29.
Qxg4 Bxh6 30. Nf7 $40) 27... Rxe2 28. Rcxe2 Rb7 {[#]} (28... Rd8 {does not
help either.} 29. Bc7 $1 Qxc7 30. Bxd5+ Kh8 31. Nf7+ Kg8 32. Nxd8+) 29. Bd6 $1
({I had also calculated the prosaic} 29. Re8 Rxd7 30. Ne6 Qa3 31. Nxf8 Qxf8 32.
Rxf8+ Kxf8 33. Re6 Bb7 34. Bd6+ Ne7 35. Rf6+ Kg8 36. Bc5 $18) 29... Rxd7 (29...
Bxd6 {allows a finish in style:} 30. Re8+ Bf8 31. Rxf8+ Kxf8 32. Re8#) 30. Bxf8
Qxc3 31. Bd6 {I would like to emphasize that my opponent walked up to me the
next day and as a real sportsman congratulated with the following cheering
words: "Excellent game!"} (31. Bb4 Qxb4 32. Re8+ Qf8 {[#]} 33. R1e6 $3 Nxd4 34.
Rxg6+ hxg6 35. Bxd5+ Rxd5 36. h7+ Kg7 37. Rxf8 $18) 1-0